Statistiques concernant Culture Générale - Série 1396

Cliquez ici pour prendre le quiz!

Statistiques générales

  • Ce quiz a été pris 75 fois
  • Le résultat moyen est 8 sur 10

Statistiques - réponses

QuestionRéponse% Correct
Quel animal, couvert de piquants, donne son nom à la brosse métallique servant à ramoner les cheminées ?hérisson
99%
Quel est l'instrument de musique de prédilection, du chanteur pop Elton John ?piano
97%
Quel nom de métal, de symbole Ni, utilise-t-on pour qualifier familièrement une chose d'une propreté impeccable ?nickel
96%
Quel organe du corps humain l'hépatologie étudie-t-elle ?foie
91%
Le groupe de comiques américains formé par Harpo, Groucho et Chico s'appelle les Marx...Brothers
86%
Quel sultanat de la péninsule Arabique est frontalier du Yémen, de l'Arabie Saoudite et des Emirats Arabes Unis ?Oman
86%
Quel chanteur, tout comme Proust, est allé chercher l'inspiration "Du côté de chez Swann" ?Dave
81%
Complètez ce vers de Musset : "Qu'importe le flacon pourvu qu'on ait...l'ivresse
70%
En 1969, quel personnage George Lazenby interprète-t-il dans le film "Au service secret de sa Majesté" ?James Bond
68%
Qu'est-ce qui peut être rural, d'étapes ou à la noix ?gîte
67%

Distribution des résultats

Percentile par nombre de réponses

% des personnes avec chaque résultat

Votre développement - résultats

Vous n’avez pas pris ce quiz